00410nam a2200157Ia 4500008004100000100001500041245004800056260000900104300001300113504001000126650002500136650001400161650002300175650001900198773003500217181130s2018 xx 000 0 und d aLal, Vinay aAmericana and the march against gun culture c2018 ap.17-21. d5-May aGun culture - U.S.A. aViolence  aViolence - America aYouth - U.S.A. aEconomic and Political Weekly